[Event "VEN-ch (Women)"]
[Site "Paracotos"]
[Date "2005.11.13"]
[Round "9"]
[White "Martinez Perdomo, Aleidi Josefina"]
[Black "Hernandez Graterol, Zaida"]
[Result "0-1"]
[WhiteElo "2188"]
[BlackElo "2046"]
[PlyCount "84"]
[EventDate "2005.11.09"]
[EventType "swiss"]
[EventRounds "9"]
[EventCountry "VEN"]
[SourceTitle "CBM 109 Extra"]
[Source "ChessBase"]
[SourceDate "2006.01.03"]
[SourceVersion "2"]
[SourceVersionDate "2006.01.03"]
[SourceQuality "1"]

1. e4 c5 2. Nf3 d6 3. c3 Nc6 4. d4 Nf6 5. d5 Nb8 6. Bd3 g6 7. Bg5 Bg7 8. Qd2 h6 9. Bf4 Nh5 10. Be3 Nd7 11. h3 Nhf6 12. c4 Qc7 13. Nc3 a6 14. 0-0 g5 15. Nh2 Ne5 16. f4 Nxd3 17. Qxd3 g4 18. h4 g3 19. Nf3 Ng4 20. Bd2 Nf2 21. Qe2 Bg4 22. Be3 Bxc3 23. bxc3 Nxe4 24. Qe1 Qa5 25. Bd2 f5 26. Qe3 0-0-0 27. Be1 Rd7 28. Bd2 Rg8 29. Ne1 Qd8 30. Nc2 Qf8 31. Be1 Bh5 32. Rf3 Bxf3 33. gxf3 Nf2 34. Qe6 Nh3+ 35. Kf1 g2+ 36. Ke2 Nxf4+ 37. Kd2 Nxe6 38. dxe6 g1Q 39. exd7+ Kxd7 40. Ne3 Qh2+ 41. Kd1 Rg1 42. Nc2 Qf6 0-1

[Event "Olympiad Women-36"]
[Site "Mallorca"]
[Date "2004.10.29"]
[Round "14.2"]
[White "Martinez Perdomo, Aleidi Josefina"]
[Black "Kopinits, Anna Christina"]
[Result "1-0"]
[WhiteElo "2201"]
[BlackElo "2114"]
[PlyCount "83"]
[EventDate "2004.10.15"]
[EventType "team-swiss"]
[EventRounds "14"]
[EventCountry "ESP"]
[SourceTitle "CBM 102 Extra"]
[Source "ChessBase"]
[SourceDate "2004.11.03"]
[SourceVersion "1"]
[SourceVersionDate "2004.11.03"]
[SourceQuality "1"]
[WhiteTeam "Venezuela (W)"]
[BlackTeam "Austria (W)"]
[WhiteTeamCountry "VEN"]
[BlackTeamCountry "AUT"]

1. e4 c5 2. Nf3 Nc6 3. c3 Nf6 4. e5 Nd5 5. d4 cxd4 6. cxd4 d6 7. Bc4 e6 8. Qe2 Be7 9. h4 a6 10. a3 b5 11. Ba2 Bb7 12. h5 Rc8 13. 0-0 h6 14. Rd1 Na5 15. Nc3 Rxc3 16. bxc3 Nxc3 17. Qe1 Nxd1 18. Qxd1 dxe5 19. Nxe5 Nc6 20. Nxc6 Bxc6 21. Qg4 Bf6 22. Be3 Bd5 23. Bb1 Qa5 24. Bd3 Ke7 25. Rc1 Rd8 26. Qf4 Kf8 27. Be4 Bg5 28. Qf3 Bxe3 29. fxe3 Qxa3 30. Rc7 f6 31. Bxd5 exd5 32. Qg3 g5 33. hxg6 Re8 34. Kf2 Qb2+ 35. Kg1 Qb1+ 36. Kh2 Qf5 37. Rh7 Qh5+ 38. Kg1 Kg8 39. Rf7 Qg5 40. Qc7 Qxe3+ 41. Kh2 Qe6 42. Rh7 1-0

[Event "Olympiad Women-36"]
[Site "Mallorca"]
[Date "2004.10.25"]
[Round "10.2"]
[White "Gerasimovitch, Elena"]
[Black "Martinez Perdomo, Aleidi Josefina"]
[Result "0-1"]
[WhiteElo "2080"]
[BlackElo "2201"]
[PlyCount "83"]
[EventDate "2004.10.15"]
[EventType "team-swiss"]
[EventRounds "14"]
[EventCountry "ESP"]
[SourceTitle "CBM 102 Extra"]
[Source "ChessBase"]
[SourceDate "2004.11.03"]
[SourceVersion "1"]
[SourceVersionDate "2004.11.03"]
[SourceQuality "1"]
[WhiteTeam "Denmark (W)"]
[BlackTeam "Venezuela (W)"]
[WhiteTeamCountry "DEN"]
[BlackTeamCountry "VEN"]

1. e4 c5 2. Nc3 Nc6 3. f4 e6 4. Nf3 Nge7 5. e5 d5 6. Bb5 a6 7. Bxc6+ Nxc6 8. d3 Be7 9. 0-0 0-0 10. Qe1 b5 11. Qe3 f6 12. exf6 Rxf6 13. Ne5 Nd4 14. Rb1 b4 15. Qf2 bxc3 16. bxc3 Nb5 17. Nc6 Qc7 18. Nxe7+ Qxe7 19. Be3 d4 20. cxd4 cxd4 21. Bd2 Bb7 22. Rb3 Bd5 23. Rb2 Qc7 24. Re1 Qa7 25. Rb4 Rc8 26. a4 Nd6 27. c4 Bc6 28. a5 Nf5 29. Rb6 h5 30. g3 Rg6 31. Kf1 Qa8 32. Qe2 h4 33. g4 Bf3 34. Qe5 Bxg4 35. Re4 Re8 36. c5 Ne3+ 37. Bxe3 dxe3 38. c6 e2+ 39. Ke1 Qd8 40. d4 Qc8 41. c7 Qa8 42. Rb8 0-1

[Event "Olympiad Women-36"]
[Site "Mallorca"]
[Date "2004.10.20"]
[Round "6.2"]
[White "Nur Shazwani, Zulkafli"]
[Black "Martinez Perdomo, Aleidi Josefina"]
[Result "1-0"]
[WhiteElo "2062"]
[BlackElo "2201"]
[PlyCount "115"]
[EventDate "2004.10.15"]
[EventType "team-swiss"]
[EventRounds "14"]
[EventCountry "ESP"]
[SourceTitle "CBM 102 Extra"]
[Source "ChessBase"]
[SourceDate "2004.11.03"]
[SourceVersion "1"]
[SourceVersionDate "2004.11.03"]
[SourceQuality "1"]
[WhiteTeam "Malaysia (W)"]
[BlackTeam "Venezuela (W)"]
[WhiteTeamCountry "MAS"]
[BlackTeamCountry "VEN"]

1. e4 c5 2. Nf3 Nc6 3. d4 cxd4 4. Nxd4 Nf6 5. Nc3 e5 6. Ndb5 d6 7. Bg5 a6 8. Na3 b5 9. Nd5 Be7 10. Bxf6 Bxf6 11. c4 b4 12. Nc2 Bb7 13. Bd3 a5 14. 0-0 0-0 15. Nce3 Nd4 16. b3 Bg5 17. Kh1 g6 18. f4 exf4 19. Nxf4 Bf6 20. Nfd5 Bg7 21. Rb1 Bc8 22. Qe1 Nc6 23. Rd1 Ne5 24. Bb1 Ra6 25. Qg3 h5 26. Qf4 Ng4 27. Nxg4 Bxg4 28. Rd2 Be5 29. Qh6 Bg7 30. Qe3 Be5 31. Rdf2 Kg7 32. Bd3 Ra8 33. Be2 Bxe2 34. Rxe2 f6 35. Rd1 Rf7 36. Red2 Qb8 37. Nf4 Qc8 38. h3 h4 39. Rd5 a4 40. Nd3 axb3 41. axb3 Ra2 42. Nxb4 Rb2 43. R5d3 Rb7 44. Nd5 Qb8 45. b4 Ra7 46. R3d2 Rxd2 47. Qxd2 Qa8 48. b5 Ra2 49. Qe1 Bg3 50. Qb4 Ra1 51. Rb1 Be5 52. Qe1 Bg3 53. Rxa1 Qc8 54. Qf1 Be5 55. Ra7+ Kh6 56. Nxf6 Kg5 57. Nh7+ Kh6 58. Qf8+ 1-0

[Event "Binissalem op 17th"]
[Site "Binissalem"]
[Date "2004.10.09"]
[Round "9"]
[White "Ortiz, Nadya Karolina"]
[Black "Martinez Perdomo, Aleidi Josefina"]
[Result "1/2-1/2"]
[WhiteElo "2147"]
[BlackElo "2201"]
[PlyCount "66"]
[EventDate "2004.10.02"]
[EventType "swiss"]
[EventRounds "9"]
[EventCountry "ESP"]
[SourceTitle "EXT 2006"]
[Source "ChessBase"]
[SourceDate "2005.11.24"]
[SourceVersion "1"]
[SourceVersionDate "2005.11.24"]
[SourceQuality "1"]

1. e4 c5 2. c3 Nf6 3. e5 Nd5 4. Bc4 Nb6 5. Bb3 Nc6 6. Nf3 d5 7. exd6 Qxd6 8. 0-0 Bf5 9. d4 e6 10. Na3 Qd8 11. Be3 cxd4 12. Nxd4 Nxd4 13. Bxd4 Bxa3 14. Ba4+ Kf8 15. bxa3 Kg8 16. Bb3 h6 17. Qf3 Qc7 18. h4 h5 19. Qe3 Rh6 20. Rfd1 Rg6 21. Be5 Qc6 22. f3 Nc4 23. Bxc4 Qxc4 24. Rd4 Qc6 25. Rad1 Qb6 26. c4 Rc8 27. Kh2 Qa5 28. Bg3 Bc2 29. R1d2 Ba4 30. Rb2 Bc6 31. c5 Bd5 32. Bd6 Qa6 33. Qd3 Qc6 1/2-1/2

[Event "Binissalem op 17th"]
[Site "Binissalem"]
[Date "2004.10.07"]
[Round "7"]
[White "Ruiz Vinals, Matias"]
[Black "Martinez Perdomo, Aleidi Josefina"]
[Result "1/2-1/2"]
[WhiteElo "2044"]
[BlackElo "2201"]
[PlyCount "106"]
[EventDate "2004.10.02"]
[EventType "swiss"]
[EventRounds "9"]
[EventCountry "ESP"]
[SourceTitle "EXT 2006"]
[Source "ChessBase"]
[SourceDate "2005.11.24"]
[SourceVersion "1"]
[SourceVersionDate "2005.11.24"]
[SourceQuality "1"]

1. d4 d5 2. c4 e6 3. Nc3 Nf6 4. cxd5 exd5 5. Bg5 c6 6. e3 Be7 7. Bd3 Nbd7 8. Qc2 Nf8 9. Nge2 Ne6 10. Bh4 h6 11. 0-0-0 a5 12. Kb1 Nc7 13. h3 Bd7 14. Bxf6 Bxf6 15. Ng3 b5 16. Nf5 Be6 17. Rc1 0-0 18. g4 Na6 19. Ne2 Nb4 20. Qd2 Ra6 21. Nf4 Bg5 22. h4 Bxf5 23. Bxf5 Bxf4 24. exf4 Qf6 25. a3 g6 26. axb4 gxf5 27. bxa5 b4 28. g5 Qe7 29. Rhe1 Qc7 30. Qxb4 Rfa8 31. Qe7 Qxa5 32. gxh6 Qa2+ 33. Kc2 Qc4+ 34. Kd2 Qxd4+ 35. Ke2 Rb8 36. Rc2 Qe4+ 37. Qxe4 fxe4 38. Rg1+ Kh8 39. Rg7 Rb7 40. Ke3 c5 41. Rxc5 Rxh6 42. Rg4 Rh5 43. Rc2 Rb4 44. Rg5 Rxh4 45. Rxd5 Rh3+ 46. Ke2 Rf3 47. f5 Kg7 48. Re5 Rf4 49. Ke3 Rf3+ 50. Ke2 Rf4 51. Rec5 Kf6 52. R5c4 Rb3 53. R4c3 Rb4 1/2-1/2

[Event "Binissalem op 17th"]
[Site "Binissalem"]
[Date "2004.10.04"]
[Round "4"]
[White "Barrientos Medina, Sergio"]
[Black "Martinez Perdomo, Aleidi Josefina"]
[Result "1-0"]
[WhiteElo "2377"]
[BlackElo "2201"]
[PlyCount "63"]
[EventDate "2004.10.02"]
[EventType "swiss"]
[EventRounds "9"]
[EventCountry "ESP"]
[SourceTitle "EXT 2006"]
[Source "ChessBase"]
[SourceDate "2005.11.24"]
[SourceVersion "1"]
[SourceVersionDate "2005.11.24"]
[SourceQuality "1"]

1. e4 c5 2. Nf3 a6 3. c4 Nc6 4. d4 cxd4 5. Nxd4 d6 6. Nc3 g6 7. Be2 Bg7 8. Be3 Nf6 9. 0-0 0-0 10. h3 Qa5 11. Nb3 Qc7 12. Rc1 Qb8 13. f4 b5 14. cxb5 axb5 15. Bxb5 Nb4 16. a4 Ba6 17. Bxa6 Rxa6 18. Qe2 Qa8 19. Nd2 Rb8 20. b3 Rc6 21. Bd4 Rbc8 22. e5 Nd7 23. Nf3 dxe5 24. Nxe5 Nxe5 25. fxe5 e6 26. Qf3 Qb7 27. Nb5 Qd7 28. Rcd1 Nd5 29. Na7 Rc3 30. Bxc3 Qxa7+ 31. Bd4 Qb7 32. a5 1-0

[Event "American Continental (Women) 01st"]
[Site "Merida"]
[Date "2001.09.27"]
[Round "7"]
[White "Arribas Robaina, Maritza"]
[Black "Martinez Perdomo, Aleidi Josefina"]
[Result "1-0"]
[WhiteElo "2327"]
[BlackElo "2220"]
[PlyCount "97"]
[EventDate "2001.09.21"]
[EventType "swiss"]
[EventRounds "9"]
[EventCountry "VEN"]
[SourceTitle "CBM 084 Extra"]
[Source "ChessBase"]
[SourceDate "2001.10.26"]
[SourceVersion "1"]
[SourceVersionDate "2001.10.26"]
[SourceQuality "1"]

1. d4 Nf6 2. c4 g6 3. Nc3 Bg7 4. e4 d6 5. Bg5 Nc6 6. d5 Nb8 7. f3 e5 8. Bd3 Nbd7 9. Nh3 a5 10. Nf2 Nc5 11. Bc2 h6 12. Be3 b6 13. 0-0 0-0 14. a3 Ne8 15. Qd2 Kh7 16. b4 Nd7 17. Nd3 f5 18. c5 f4 19. Bf2 bxc5 20. bxc5 g5 21. Rab1 h5 22. Ba4 g4 23. cxd6 cxd6 24. Bc6 Rb8 25. Na4 gxf3 26. gxf3 Rg8 27. Kh1 Bf8 28. Rxb8 Nxb8 29. Bb6 Qe7 30. Qxa5 Bh3 31. Rg1 Rxg1+ 32. Bxg1 Qg5 33. Ne1 Ng7 34. Qa7 Nxc6 35. dxc6 d5 36. exd5 Bxa3 37. Nc5 Bxc5 38. Qxc5 e4 39. fxe4 Qg6 40. Qc2 Ne8 41. Qd3 Bg4 42. h3 Bc8 43. Ng2 Qg5 44. Qc3 Nd6 45. Nxf4 h4 46. Bc5 Nf7 47. Ne6 Bxe6 48. dxe6 Nh6 49. Be3 1-0

[Event "American Continental (Women) 01st"]
[Site "Merida"]
[Date "2001.09.21"]
[Round "1"]
[White "Martinez Perdomo, Aleidi Josefina"]
[Black "Martinez, Ingrid Lorena"]
[Result "1-0"]
[WhiteElo "2220"]
[BlackElo "2015"]
[PlyCount "63"]
[EventDate "2001.09.21"]
[EventType "swiss"]
[EventRounds "9"]
[EventCountry "VEN"]
[SourceTitle "CBM 084 Extra"]
[Source "ChessBase"]
[SourceDate "2001.10.26"]
[SourceVersion "1"]
[SourceVersionDate "2001.10.26"]
[SourceQuality "1"]

1. e4 c5 2. Nf3 a6 3. c3 e6 4. d4 d5 5. e5 Ne7 6. Na3 Nec6 7. Nc2 Nd7 8. g3 Be7 9. Ne3 Nb6 10. Bd3 Bd7 11. 0-0 cxd4 12. cxd4 Rc8 13. Bd2 Nb4 14. Be2 Nc4 15. Bc3 b5 16. a3 Nc6 17. Nc2 Qb6 18. Qe1 N6a5 19. b4 Nb7 20. Ne3 Bc6 21. Bd3 Qc7 22. h4 Nd8 23. Kg2 Bb7 24. Bd2 Nc6 25. Ra2 Nb8 26. Rc2 Nd7 27. Bc1 Ndb6 28. Qe2 Qd7 29. Kh2 0-0 30. Ng5 Bxg5 31. hxg5 f6 32. Bxh7+ 1-0

[Event "Olympiad Women-34"]
[Site "Istanbul"]
[Date "2000.11.09"]
[Round "12.3"]
[White "Jensen, Christine"]
[Black "Martinez Perdomo, Aleidi Josefina"]
[Result "1-0"]
[WhiteElo "2030"]
[BlackElo "2181"]
[PlyCount "89"]
[EventDate "2000.10.28"]
[EventType "team-swiss"]
[EventRounds "14"]
[EventCountry "TUR"]
[SourceTitle "EXT 2001"]
[Source "ChessBase"]
[SourceDate "2000.11.22"]
[SourceVersion "1"]
[SourceVersionDate "2000.11.22"]
[SourceQuality "1"]
[WhiteTeam "Denmark (W)"]
[BlackTeam "Venezuela (W)"]
[WhiteTeamCountry "DEN"]
[BlackTeamCountry "VEN"]

1. d4 e6 2. c4 c5 3. d5 d6 4. Nc3 Nf6 5. e4 e5 6. Bd3 Be7 7. Nge2 Nbd7 8. 0-0 0-0 9. g3 Nh5 10. f4 exf4 11. gxf4 Bf6 12. Ng3 Bd4+ 13. Kg2 Nxg3 14. hxg3 g6 15. Nb5 Qf6 16. Bc2 Nb6 17. Nxd4 cxd4 18. Qd3 Bg4 19. b3 Be2 20. Qxe2 d3 21. Bxd3 Qxa1 22. Ba3 Qd4 23. Bxd6 Rfe8 24. Ba3 Rad8 25. Bb2 Qc5 26. f5 Nd7 27. fxg6 fxg6 28. e5 Nb6 29. e6 Nxd5 30. cxd5 Qxd5+ 31. Qf3 Qxf3+ 32. Rxf3 Rxe6 33. Bc4 Rd2+ 34. Kh3 Rxb2 35. Bxe6+ Kg7 36. a4 Re2 37. Rf7+ Kh6 38. Bc4 Rd2 39. Rxb7 a5 40. Bg8 g5 41. Rxh7+ Kg6 42. Ra7 Kh5 43. Bf7+ Kh6 44. Rxa5 Rf2 45. Bc4 1-0

[Event "Olympiad Women-34"]
[Site "Istanbul"]
[Date "2000.11.08"]
[Round "11.2"]
[White "Nakagawa, Emiko"]
[Black "Martinez Perdomo, Aleidi Josefina"]
[Result "0-1"]
[WhiteElo "2005"]
[BlackElo "2181"]
[PlyCount "56"]
[EventDate "2000.10.28"]
[EventType "team-swiss"]
[EventRounds "14"]
[EventCountry "TUR"]
[SourceTitle "EXT 2001"]
[Source "ChessBase"]
[SourceDate "2000.11.22"]
[SourceVersion "1"]
[SourceVersionDate "2000.11.22"]
[SourceQuality "1"]
[WhiteTeam "Japan (W)"]
[BlackTeam "Venezuela (W)"]
[WhiteTeamCountry "JPN"]
[BlackTeamCountry "VEN"]

1. d4 e6 2. c4 Nf6 3. Nc3 d5 4. Nf3 c6 5. e3 Nbd7 6. Bd3 Bd6 7. 0-0 0-0 8. cxd5 exd5 9. b3 Re8 10. Bb2 Ne4 11. Rc1 Ndf6 12. h3 Nxc3 13. Rxc3 Ne4 14. Rc1 Bf5 15. Bb1 Qf6 16. Ne5 Qh6 17. Qf3 Bg6 18. Qd1 Bh5 19. Qd3 f6 20. Nd7 Bg4 21. Ne5 Bxh3 22. f4 Bxg2 23. Kxg2 fxe5 24. dxe5 Qg6+ 25. Kh2 Qh5+ 26. Kg2 Qg4+ 27. Kh2 Re6 28. f5 Rh6# 0-1

[Event "Olympiad Women-34"]
[Site "Istanbul"]
[Date "2000.11.01"]
[Round "5.2"]
[White "Sekulovska, Vesna"]
[Black "Martinez Perdomo, Aleidi Josefina"]
[Result "1/2-1/2"]
[WhiteElo "2120"]
[BlackElo "2181"]
[PlyCount "122"]
[EventDate "2000.10.28"]
[EventType "team-swiss"]
[EventRounds "14"]
[EventCountry "TUR"]
[SourceTitle "EXT 2001"]
[Source "ChessBase"]
[SourceDate "2000.11.22"]
[SourceVersion "1"]
[SourceVersionDate "2000.11.22"]
[SourceQuality "1"]
[WhiteTeam "Macedonia (W)"]
[BlackTeam "Venezuela (W)"]
[WhiteTeamCountry "MKD"]
[BlackTeamCountry "VEN"]

1. d4 e6 2. c4 Nf6 3. Nc3 c5 4. d5 d6 5. e4 e5 6. f4 exf4 7. Bxf4 Nbd7 8. Nf3 Be7 9. Bd3 0-0 10. 0-0 Ng4 11. a3 Nge5 12. Kh1 Bf6 13. Rb1 Qe7 14. Qd2 Nxf3 15. gxf3 Kh8 16. Bg3 Ne5 17. f4 Nxc4 18. Bxc4 Bxc3 19. Qd3 Bd4 20. e5 Bh3 21. Rfe1 Qd7 22. Qb3 dxe5 23. fxe5 Qf5 24. d6 Rae8 25. Qxb7 Bxe5 26. d7 Rb8 27. Qc6 Bxg3 28. hxg3 Qxd7 29. Qxd7 Bxd7 30. Re5 Rbc8 31. Rf1 f5 32. Re7 Bc6+ 33. Kg1 a5 34. b3 Rcd8 35. Rc7 Rf6 36. Re1 Rg6 37. Kf2 h6 38. Re5 Be4 39. Rexc5 Rgd6 40. Rc8 Rd2+ 41. Ke3 a4 42. bxa4 Kh7 43. Rxd8 Rxd8 44. a5 Rd1 45. g4 Kg6 46. gxf5+ Bxf5 47. a6 Re1+ 48. Kf2 Re7 49. Ra5 Be4 50. a7 Ba8 51. a4 Kf6 52. Bf1 Ke6 53. Bg2 Rf7+ 54. Kg3 Rf8 55. Rb5 Bxg2 56. Kxg2 Ra8 57. Rb7 g5 58. Kg3 h5 59. a5 Kf5 60. Rb5+ Kf6 61. Rb6+ Kf5 1/2-1/2

[Event "Olympiad Women-34"]
[Site "Istanbul"]
[Date "2000.10.28"]
[Round "1.3"]
[White "Martinez Perdomo, Aleidi Josefina"]
[Black "Grabics, Monika"]
[Result "0-1"]
[WhiteElo "2181"]
[BlackElo "2363"]
[PlyCount "116"]
[EventDate "2000.10.28"]
[EventType "team-swiss"]
[EventRounds "14"]
[EventCountry "TUR"]
[SourceTitle "EXT 2001"]
[Source "ChessBase"]
[SourceDate "2000.11.22"]
[SourceVersion "1"]
[SourceVersionDate "2000.11.22"]
[SourceQuality "1"]
[WhiteTeam "Venezuela (W)"]
[BlackTeam "Hungary (W)"]
[WhiteTeamCountry "VEN"]
[BlackTeamCountry "HUN"]

1. e4 c5 2. Nf3 Nc6 3. c3 Nf6 4. e5 Nd5 5. d4 cxd4 6. Be2 e6 7. cxd4 d6 8. 0-0 Qc7 9. Re1 Bd7 10. Bc4 Nb6 11. Bb3 Na5 12. Bc2 Bc6 13. Nc3 0-0-0 14. Qe2 a6 15. Bf4 Bxf3 16. Qxf3 Nc6 17. Rad1 Nc4 18. b3 dxe5 19. bxc4 exf4 20. d5 Ne5 21. Qe2 Bb4 22. Qxe5 Qxe5 23. Rxe5 Bxc3 24. Re4 e5 25. Re2 g6 26. Ba4 Bd4 27. Rc1 f5 28. Bb3 b6 29. Rd1 Kc7 30. Kf1 Kd6 31. Rd3 Kc5 32. Red2 g5 33. Ke2 h5 34. Rd1 g4 35. h3 Kd6 36. Bc2 Bc5 37. Rb3 e4 38. Rdb1 f3+ 39. Kf1 Rhg8 40. h4 fxg2+ 41. Kxg2 Ke5 42. Rd1 f4 43. Re1 e3 44. fxe3 fxe3 45. Rd3 Rgf8 46. Re2 Rf4 47. Bb3 Rdf8 48. Rdd2 g3 49. Rd1 Rxh4 50. Kxg3 Rg4+ 51. Kh3 Rf3+ 52. Kh2 Rf2+ 53. Rxf2 exf2 54. d6 Rg1 55. d7 Rxd1 56. Bxd1 f1Q 57. d8Q Bg1+ 58. Kg3 Qf2+ 0-1

[Event "Pan American-ch (Women)"]
[Site "Merida"]
[Date "2000.09.??"]
[Round "6"]
[White "Martinez Perdomo, Aleidi Josefina"]
[Black "Porras Rodriguez, Miriam"]
[Result "1-0"]
[WhiteElo "2119"]
[BlackElo "2073"]
[PlyCount "80"]
[EventDate "2000.09.??"]
[EventType "swiss"]
[EventRounds "9"]
[EventCountry "VEN"]
[SourceTitle "EXT 2001"]
[Source "ChessBase"]
[SourceDate "2000.11.22"]
[SourceVersion "1"]
[SourceVersionDate "2000.11.22"]
[SourceQuality "1"]

1. e4 c5 2. Nf3 d6 3. c3 Nf6 4. h3 g6 5. Bd3 Bg7 6. 0-0 0-0 7. Bc2 e5 8. d4 Qc7 9. Be3 b6 10. Nbd2 Ba6 11. Re1 cxd4 12. cxd4 Nc6 13. a3 d5 14. Rc1 Qd6 15. dxe5 Nxe5 16. Nxe5 Qxe5 17. Nf3 Qxb2 18. Bd4 Qb5 19. e5 Ne4 20. Ba4 Qd3 21. Qxd3 Bxd3 22. Rc7 Rfc8 23. Rd7 Nc5 24. Bxc5 Rxc5 25. Ng5 Bf5 26. e6 Bxe6 27. Nxe6 fxe6 28. Rxe6 Bf8 29. Bb3 Kh8 30. Bxd5 Rac8 31. Rf6 Rxd5 32. Rxd5 Bxa3 33. Rd7 a5 34. Rxb6 Rf8 35. Rb5 Bb4 36. Rbb7 Bc3 37. Rxh7+ Kg8 38. Rhd7 Re8 39. g3 Re1+ 40. Kg2 Re8 1-0

[Event "Pan American-ch (Women)"]
[Site "Merida"]
[Date "2000.09.??"]
[Round "5"]
[White "Ramon Pita, Vivian"]
[Black "Martinez Perdomo, Aleidi Josefina"]
[Result "1/2-1/2"]
[WhiteElo "2294"]
[BlackElo "2119"]
[PlyCount "168"]
[EventDate "2000.09.??"]
[EventType "swiss"]
[EventRounds "9"]
[EventCountry "VEN"]
[SourceTitle "EXT 2001"]
[Source "ChessBase"]
[SourceDate "2000.11.22"]
[SourceVersion "1"]
[SourceVersionDate "2000.11.22"]
[SourceQuality "1"]

1. g3 d5 2. Nf3 Nf6 3. Bg2 e6 4. 0-0 Be7 5. d4 0-0 6. c4 c6 7. Qc2 Nbd7 8. Rd1 Ne4 9. Ne5 f5 10. Nxd7 Bxd7 11. f3 Nf6 12. Bf4 dxc4 13. Qxc4 Nd5 14. Bd2 f4 15. Nc3 Nxc3 16. bxc3 Bd6 17. g4 Qe7 18. Be1 Be8 19. Bf2 Bf7 20. Qd3 Rfd8 21. e4 fxe3 22. Qxe3 Qc7 23. h3 Re8 24. c4 Bf4 25. Qb3 Rad8 26. Bf1 b6 27. Bd3 e5 28. Qc2 g6 29. Be4 exd4 30. Rxd4 c5 31. Rdd1 Rxd1+ 32. Rxd1 Rd8 33. Rd3 Rxd3 34. Qxd3 Qd6 35. Kf1 Qxd3+ 36. Bxd3 Kf8 37. Be1 Be5 38. Bd2 Ke7 39. f4 Bd4 40. Ke2 Bf6 41. Kf3 Kd6 42. Be1 b5 43. cxb5 Bxa2 44. h4 c4 45. Bb4+ Kc7 46. Be4 Bxh4 47. Bc5 Kb8 48. Bd6+ Kc8 49. f5 Bf6 50. Bc5 Kb8 51. fxg6 hxg6 52. Bxg6 c3 53. Bc2 Bc4 54. b6 axb6 55. Bxb6 Kb7 56. Be3 Kc6 57. Ke4 Be6 58. g5 Bg7 59. g6 Kd6 60. Bf4+ Ke7 61. Bg5+ Kd6 62. Bh4 Be5 63. Bd8 Bg7 64. Ba5 Ke7 65. Kf3 Be5 66. Ke4 Bg7 67. Kf4 Bh6+ 68. Kf3 Bg7 69. Bb4+ Ke8 70. Kf4 Bd7 71. Kg5 Be6 72. Ba4+ Kd8 73. Ba3 Bc4 74. Bc2 Be6 75. Bc5 Ke8 76. Kf4 Kd8 77. Ke4 Ke8 78. Bd6 Kd7 79. Bb4 Ke8 80. Ba4+ Kd8 81. Bc5 Ba2 82. Bc2 Be6 83. Bd4 Bf5+ 84. Kxf5 Bxd4 1/2-1/2

[Event "Valencia zt 2.3 (Women)"]
[Site "Valencia"]
[Date "2000.??.??"]
[Round "1"]
[White "Ramon Pita, Vivian"]
[Black "Martinez Perdomo, Aleidi Josefina"]
[Result "1/2-1/2"]
[WhiteElo "2294"]
[BlackElo "2119"]
[PlyCount "67"]
[EventDate "2000.08.23"]
[EventType "tourn"]
[EventRounds "9"]
[EventCountry "VEN"]
[SourceTitle "EXT 2001"]
[Source "ChessBase"]
[SourceDate "2000.11.22"]
[SourceVersion "1"]
[SourceVersionDate "2000.11.22"]
[SourceQuality "1"]

1. Nf3 e6 2. g3 Nf6 3. Bg2 b6 4. b3 Bb7 5. Bb2 g6 6. 0-0 Bg7 7. d3 0-0 8. c4 d6 9. Qc2 Nbd7 10. Nbd2 Qe7 11. b4 c5 12. b5 d5 13. a4 a5 14. Ne5 Nxe5 15. Bxe5 d4 16. Bxb7 Qxb7 17. Nf3 Nd7 18. Bxg7 Kxg7 19. e4 f5 20. Ng5 Rae8 21. f3 h6 22. Nh3 e5 23. Rae1 f4 24. Qg2 Kh7 25. Nf2 g5 26. Qh3 Nf6 27. gxf4 gxf4 28. Kh1 Qd7 29. Qh4 Qf7 30. Rg1 Qh5 31. Qxh5 Nxh5 32. Rg2 Nf6 33. Reg1 Rg8 34. Rxg8 1/2-1/2

[Event "VEN-ch (Women)"]
[Site "Venezuela"]
[Date "1999.??.??"]
[Round "9"]
[White "Blanco Acevedo, Maria Carolina"]
[Black "Martinez Perdomo, Aleidi Josefina"]
[Result "1-0"]
[WhiteElo "2030"]
[BlackElo "2181"]
[PlyCount "69"]
[EventDate "1999.??.??"]
[EventType "tourn"]
[EventRounds "10"]
[EventCountry "VEN"]
[SourceTitle "EXT 2001"]
[Source "ChessBase"]
[SourceDate "2000.11.22"]
[SourceVersion "1"]
[SourceVersionDate "2000.11.22"]
[SourceQuality "1"]

1. c4 e6 2. Nc3 Nf6 3. e4 d6 4. d4 Nbd7 5. f4 Nb6 6. Nf3 Be7 7. Bd3 0-0 8. 0-0 Nfd7 9. e5 f5 10. exf6 Nxf6 11. Qe2 Re8 12. Ng5 Bf8 13. Bd2 h6 14. Kh1 d5 15. c5 Nc4 16. Bxc4 dxc4 17. Nf3 b6 18. Qxc4 a5 19. Rfe1 Ba6 20. Qb3 bxc5 21. dxc5 Rb8 22. Qa3 Bb7 23. Rad1 Bxf3 24. gxf3 c6 25. Ne4 Nxe4 26. fxe4 Qd4 27. Bxa5 Qxb2 28. Qg3 Qxa2 29. Bc3 Qa7 30. Rg1 Qf7 31. Be5 Rb7 32. Qh3 Kh7 33. Rg4 g6 34. Rdg1 Bxc5 35. Qxh6+ 1-0